[Event "Ruhrgebiet VK3 0708"]
[Site "Germany"]
[Date "2008.04.06"]
[Round "8.6"]
[White "Ezzat, Tarik"]
[Black "Aranovsky, Mikhail"]
[Result "1/2-1/2"]
[WhiteElo "1506"]
[BlackElo "1877"]
[PlyCount "64"]
[EventDate "2007.09.16"]
[EventType "team-tourn"]
[EventRounds "9"]
[EventCountry "GER"]
[SourceTitle "EXT 2009"]
[Source "ChessBase"]
[SourceDate "2008.11.26"]
[SourceVersion "1"]
[SourceVersionDate "2008.11.26"]
[SourceQuality "1"]
[WhiteTeam "Bergh Wambel"]
[BlackTeam "Bochum Uni"]
[WhiteTeamCountry "GER"]
[BlackTeamCountry "GER"]

1. Nc3 g6 2. e4 Bg7 3. d4 d6 4. Be2 Nf6 5. Bg5 c5 6. d5 Nbd7 7. Nf3 h6 8. Be3 a6 9. 0-0 b5 10. a3 Bb7 11. Bd3 0-0 12. Qd2 Kh7 13. h3 c4 14. Be2 Nc5 15. Bxc5 dxc5 16. Qe3 Qc7 17. a4 Qb6 18. Rab1 Rad8 19. Rfd1 Ne8 20. axb5 axb5 21. b4 Bxc3 22. Qxc3 Nd6 23. Qe3 Rc8 24. Ne5 Rfd8 25. Bg4 f5 26. exf5 gxf5 27. Bf3 Qc7 28. Nc6 Bxc6 29. bxc5 Nf7 30. dxc6 e5 31. Rxb5 Rxd1+ 32. Bxd1 Qxc6 1/2-1/2

[Event "Dortmund ABC Serie A-24"]
[Site "Dortmund"]
[Date "2005.11.09"]
[Round "6"]
[White "Duschek, Guenter"]
[Black "Ezzat, Tarik"]
[Result "1-0"]
[WhiteElo "1632"]
[BlackElo "1586"]
[PlyCount "139"]
[EventDate "2005.10.14"]
[EventType "tourn"]
[EventRounds "11"]
[EventCountry "GER"]
[SourceTitle "EXT 2007"]
[Source "ChessBase"]
[SourceDate "2006.11.23"]
[SourceVersion "1"]
[SourceVersionDate "2006.11.23"]
[SourceQuality "1"]

1. d4 Nf6 2. Bf4 g6 3. e3 Bg7 4. Nf3 c5 5. c3 Qb6 6. Qc2 d6 7. Nbd2 0-0 8. Nc4 Qc7 9. e4 Bg4 10. dxc5 Qxc5 11. Be3 Qc8 12. Ncd2 Nbd7 13. h3 Be6 14. Ng5 Ne5 15. f4 Nc6 16. a3 Bd7 17. Be2 h6 18. Ngf3 e5 19. fxe5 dxe5 20. Nc4 Nh5 21. Nd6 Qc7 22. 0-0-0 Nf4 23. Bc4 Be6 24. Bxe6 Nxe6 25. h4 a6 26. Nc4 b5 27. Nb6 Rad8 28. Rxd8 Rxd8 29. Rd1 Ned4 30. Bxd4 exd4 31. Nd5 Qb7 32. Nxd4 Nxd4 33. cxd4 Kh7 34. Qd3 Rc8+ 35. Kb1 Rc4 36. Qe3 h5 37. Qf2 Bh6 38. Nf6+ Kg7 39. Ne8+ Kf8 40. Nd6 Qe7 41. Nxc4 bxc4 42. e5 c3 43. Qc2 cxb2 44. Qxb2 Qxh4 45. Rf1 Qe4+ 46. Ka1 Be3 47. Rd1 Qd5 48. Qc3 Bf4 49. Qc5+ Qxc5 50. dxc5 Bxe5+ 51. Kb1 Ke7 52. Kc2 f5 53. Kd3 Kd7 54. Re1 Bc7 55. Kc4 g5 56. Kd5 f4 57. c6+ Kd8 58. Ke4 Bd6 59. Kd5 Bc7 60. Ke4 g4 61. Rd1+ Kc8 62. Rh1 Bd6 63. Rxh5 Bxa3 64. Ra5 Bd6 65. Rxa6 g3 66. Kd5 Bb8 67. Ke4 Bd6 68. Ra7 Bc7 69. Ra8+ Bb8 70. Ra5 1-0

[Event "Dortmund ABC Serie B-23"]
[Site "Dortmund"]
[Date "2005.06.09"]
[Round "11"]
[White "Dieckmann, Rudolf"]
[Black "Ezzat, Tarik"]
[Result "1/2-1/2"]
[WhiteElo "1483"]
[BlackElo "1610"]
[PlyCount "23"]
[EventDate "2005.04.15"]
[EventType "tourn"]
[EventRounds "11"]
[EventCountry "GER"]
[SourceTitle "EXT 2007"]
[Source "ChessBase"]
[SourceDate "2006.11.23"]
[SourceVersion "1"]
[SourceVersionDate "2006.11.23"]
[SourceQuality "1"]

1. d4 Nf6 2. c4 g6 3. Nc3 d5 4. Nf3 Bg7 5. e3 0-0 6. h3 c6 7. a3 b6 8. Rb1 Bb7 9. Qc2 Nbd7 10. b4 Rc8 11. c5 Qc7 12. Bd3 1/2-1/2

[Event "Dortmund Kleiner Koenig VM"]
[Site "Dortmund"]
[Date "2005.03.15"]
[Round "5"]
[White "Ezzat, Tarik"]
[Black "Grube, Joerg"]
[Result "0-1"]
[WhiteElo "1665"]
[BlackElo "1807"]
[PlyCount "136"]
[EventDate "2005.02.08"]
[EventType "tourn"]
[EventRounds "9"]
[EventCountry "GER"]
[SourceTitle "EXT 2007"]
[Source "ChessBase"]
[SourceDate "2006.11.23"]
[SourceVersion "1"]
[SourceVersionDate "2006.11.23"]
[SourceQuality "1"]

1. Nc3 Nf6 2. e4 d6 3. d4 g6 4. Be2 Bg7 5. Be3 c6 6. f3 Qc7 7. Qd2 b5 8. a3 Nbd7 9. Bd3 Bb7 10. Nge2 a6 11. Ng3 h5 12. h4 c5 13. d5 Ne5 14. Be2 0-0 15. Bf4 Nfd7 16. Rb1 Qa5 17. Bh6 Nb6 18. Bxg7 Kxg7 19. f4 Nec4 20. Qd3 b4 21. axb4 cxb4 22. Qd4+ Kg8 23. Bxc4 Nxc4 24. Qxc4 bxc3 25. bxc3 Rfc8 26. Qb4 Qc7 27. Ne2 Rab8 28. Qd4 Qd7 29. Kd2 a5 30. Qa7 e6 31. dxe6 fxe6 32. Qxa5 Bxe4 33. Qg5 Ra8 34. Ng3 Rc5 35. Qf6 Rd5+ 36. Ke3 Bxc2 37. Rb2 Rf8 38. Qxf8+ Kxf8 39. Rxc2 Qa7+ 40. Ke2 Qa6+ 41. c4 Rd4 42. Rhc1 Rxf4 43. Ke3 Rg4 44. Ne4 Qc6 45. Rf1+ Kg7 46. Ng5 Rxh4 47. Nxe6+ Kh6 48. Nf4 g5 49. Nd5 Rxc4 50. Rf6+ Kg7 51. Rd2 Qe8+ 52. Kf2 Rc5 53. Rxd6 Qf8+ 54. Rf6 Rxd5 55. Rxf8 Rxd2+ 56. Ke3 Kxf8 57. Kxd2 Kf7 58. Ke2 Kf6 59. g3 Ke5 60. Kf3 Kd4 61. Kf2 Ke4 62. Ke2 g4 63. Kf2 Kd3 64. Kf1 Ke3 65. Kg2 Ke2 66. Kg1 Kf3 67. Kh2 Kf2 68. Kh1 h4 0-1

[Event "Dortmund Kleiner Koenig VM"]
[Site "Dortmund"]
[Date "2005.02.22"]
[Round "3"]
[White "Ezzat, Tarik"]
[Black "Buedel, Juergen"]
[Result "1-0"]
[WhiteElo "1665"]
[BlackElo "1648"]
[PlyCount "109"]
[EventDate "2005.02.08"]
[EventType "tourn"]
[EventRounds "9"]
[EventCountry "GER"]
[SourceTitle "EXT 2007"]
[Source "ChessBase"]
[SourceDate "2006.11.23"]
[SourceVersion "1"]
[SourceVersionDate "2006.11.23"]
[SourceQuality "1"]

1. Nc3 Nc6 2. d4 e5 3. Nf3 exd4 4. Nxd4 Ne5 5. e4 Bb4 6. Bf4 Ng6 7. Be3 Nf6 8. Bd3 0-0 9. 0-0 Bxc3 10. bxc3 d6 11. f3 d5 12. exd5 Nxd5 13. Bd2 c5 14. Ne2 Qh4 15. c4 Ndf4 16. Bxg6 Nxg6 17. f4 Bf5 18. Ng3 Bg4 19. Qe1 Rfe8 20. Qf2 b6 21. Bc3 Re7 22. f5 Ne5 23. Qf4 g5 24. fxg6 Nxg6 25. Qd2 Rd7 26. Qf2 Be6 27. Qf3 Rc8 28. Nh5 Rd4 29. Nf6+ Kg7 30. g3 Qh3 31. Nd5 Rg8 32. Qf6+ Kh6 33. Bxd4 cxd4 34. Qxd4 Qg4 35. Qd2+ Kg7 36. Nf4 Bc8 37. Rad1 Bb7 38. Qc3+ Kh6 39. Qf6 Qg5 40. Qd6 Qc5+ 41. Qxc5 bxc5 42. Rd7 Ba6 43. Nxg6 Kxg6 44. Rfxf7 Bxc4 45. Rxh7 Bxa2 46. Rxa7 Bb1 47. Rhc7 Rd8 48. Rxc5 Rd1+ 49. Kg2 Rd2+ 50. Kh3 Kf6 51. Ra6+ Ke7 52. Rc7+ Kd8 53. Rh7 Rxc2 54. Ra8+ Rc8 55. Rh8+ 1-0

[Event "Dortmund ABC Serie B-22"]
[Site "Dortmund"]
[Date "2004.11.20"]
[Round "10"]
[White "Sonntag, Joachim"]
[Black "Ezzat, Tarik"]
[Result "1-0"]
[WhiteElo "1705"]
[BlackElo "1647"]
[PlyCount "69"]
[EventDate "2004.10.07"]
[EventType "tourn"]
[EventRounds "13"]
[EventCountry "GER"]
[SourceTitle "EXT 2006"]
[Source "ChessBase"]
[SourceDate "2005.11.24"]
[SourceVersion "1"]
[SourceVersionDate "2005.11.24"]
[SourceQuality "1"]

1. e4 c6 2. d4 d5 3. Nc3 g6 4. Nf3 dxe4 5. Nxe4 Bg7 6. Bc4 e6 7. 0-0 Ne7 8. Re1 0-0 9. Bg5 Qc7 10. Qd2 Nf5 11. Rad1 Nd7 12. Bf4 Qb6 13. c3 Nf6 14. Nc5 Nd5 15. Bg5 h6 16. Be3 Qd8 17. Bf4 b6 18. Nd3 Nxf4 19. Nxf4 Qc7 20. Ne5 Bb7 21. Qd3 b5 22. Bb3 Rad8 23. Nexg6 fxg6 24. Nxe6 Qc8 25. Nxd8+ Kh7 26. Nxb7 Qxb7 27. Re6 Qd7 28. Qe4 c5 29. dxc5 Qc7 30. c6 Qb6 31. Rd2 a5 32. Qg4 Bf6 33. Rd7+ Ng7 34. Bc2 Bg5 35. Qd4 1-0

[Event "Dortmund ABC Serie B-22"]
[Site "Dortmund"]
[Date "2004.10.30"]
[Round "6"]
[White "Ezzat, Tarik"]
[Black "Bommert, Christian"]
[Result "1-0"]
[WhiteElo "1647"]
[BlackElo "1581"]
[PlyCount "154"]
[EventDate "2004.10.07"]
[EventType "tourn"]
[EventRounds "13"]
[EventCountry "GER"]
[SourceTitle "EXT 2006"]
[Source "ChessBase"]
[SourceDate "2005.11.24"]
[SourceVersion "1"]
[SourceVersionDate "2005.11.24"]
[SourceQuality "1"]

1. Nc3 f5 2. e4 fxe4 3. Qh5+ g6 4. Qe5 Nf6 5. Nxe4 Bg7 6. Nf3 Nc6 7. Nxf6+ Bxf6 8. Qb5 d5 9. c3 e5 10. d3 0-0 11. Be2 a6 12. Qb3 Na5 13. Qc2 Bf5 14. 0-0 Qe7 15. b4 Nc6 16. Bh6 Rf7 17. a3 Re8 18. Rfe1 Qd8 19. Qd2 e4 20. dxe4 Bxe4 21. Bg5 Ref8 22. Be3 Ne5 23. Nd4 Qe7 24. f3 Bh4 25. Rf1 Bf5 26. Nxf5 Rxf5 27. Qxd5+ Kg7 28. Bd4 c6 29. Qa2 Bf6 30. Rae1 Qc7 31. Qc2 b5 32. Qe4 Rf7 33. Bd3 Rh5 34. h3 Nxd3 35. Qxd3 Rd5 36. Bxf6+ Kxf6 37. Qe4 Kg7 38. Re2 Qd7 39. Rfe1 Rd1 40. Qe5+ Kh6 41. Qg3 Rxe1+ 42. Qxe1 Kg7 43. Qd2 Qf5 44. Qd4+ Kh6 45. Re4 g5 46. Qd6+ Rf6 47. Qg3 Re6 48. Qg4 Qxg4 49. hxg4 Rd6 50. Rd4 Re6 51. Kf2 Kg6 52. Re4 Rd6 53. Ke3 Kf6 54. g3 Rd1 55. Rd4 Re1+ 56. Kf2 Re6 57. f4 gxf4 58. gxf4 Ke7 59. f5 Rf6 60. Kg3 h5 61. Kh4 hxg4 62. Kxg4 Rf7 63. c4 bxc4 64. Rxc4 Kd6 65. Rc5 Kc7 66. Kg5 Rg7+ 67. Kf6 Rg3 68. Ke7 Rxa3 69. f6 Re3+ 70. Kf8 Kd7 71. f7 Rg3 72. Re5 Rg6 73. Re7+ Kd8 74. Ra7 Rg4 75. Rxa6 Kd7 76. Ra7+ Kd8 77. Rb7 Rg6 1-0

[Event "Dortmund ABC Serie B-22"]
[Site "Dortmund"]
[Date "2004.10.22"]
[Round "4"]
[White "Ezzat, Tarik"]
[Black "Krueger, Georg"]
[Result "1/2-1/2"]
[WhiteElo "1647"]
[BlackElo "1718"]
[PlyCount "83"]
[EventDate "2004.10.07"]
[EventType "tourn"]
[EventRounds "13"]
[EventCountry "GER"]
[SourceTitle "EXT 2006"]
[Source "ChessBase"]
[SourceDate "2005.11.24"]
[SourceVersion "1"]
[SourceVersionDate "2005.11.24"]
[SourceQuality "1"]

1. Nc3 c5 2. e4 d6 3. Nf3 a6 4. d4 cxd4 5. Nxd4 Nf6 6. Bc4 e6 7. 0-0 Qc7 8. Bb3 Be7 9. Be3 Bd7 10. Nde2 Nc6 11. a3 b5 12. Ng3 0-0 13. f3 Na5 14. Nce2 Nxb3 15. cxb3 d5 16. Rc1 Qb8 17. Nf4 dxe4 18. Nxe4 Rd8 19. Ng3 Bc6 20. Qe2 Qb7 21. Bf2 Rac8 22. Ngh5 g6 23. Ng3 Bd5 24. Rxc8 Rxc8 25. Nxd5 Qxd5 26. b4 Qb3 27. Qe5 Qd5 28. Qf4 Rc4 29. Qb8+ Kg7 30. Qa7 Bd6 31. Qxa6 Be5 32. Bc5 Bd4+ 33. Bxd4 Qxd4+ 34. Kh1 Qxb2 35. Qxb5 Rc2 36. Rg1 Qxa3 37. h3 Qb2 38. Qb8 Nd5 39. Ne4 Nxb4 40. Nd6 Nd5 41. Qa7 Nc7 42. Qe3 1/2-1/2

[Event "Dortmund ABC Serie B-22"]
[Site "Dortmund"]
[Date "2004.10.13"]
[Round "2"]
[White "Ezzat, Tarik"]
[Black "Schlagbaum, Christoph"]
[Result "1-0"]
[WhiteElo "1647"]
[BlackElo "1685"]
[PlyCount "101"]
[EventDate "2004.10.07"]
[EventType "tourn"]
[EventRounds "13"]
[EventCountry "GER"]
[SourceTitle "EXT 2006"]
[Source "ChessBase"]
[SourceDate "2005.11.24"]
[SourceVersion "1"]
[SourceVersionDate "2005.11.24"]
[SourceQuality "1"]

1. Nc3 Nf6 2. e4 e5 3. Bc4 Bb4 4. d3 d6 5. Bd2 0-0 6. Nge2 Be6 7. Bxe6 fxe6 8. 0-0 Nc6 9. a3 Ba5 10. Na4 Bb6 11. c3 Qe8 12. Nxb6 axb6 13. b4 Qg6 14. Ng3 Nd7 15. Qb3 Kh8 16. f3 b5 17. Rf2 Nb6 18. Be3 Nd7 19. Ne2 Qe8 20. d4 exd4 21. cxd4 e5 22. d5 Ne7 23. Qd3 Nf6 24. Nc3 Ng6 25. Nxb5 Rf7 26. Rc2 Qd8 27. Rac1 Ne8 28. Qd2 h6 29. Bxh6 gxh6 30. Qxh6+ Rh7 31. Qxg6 Rg7 32. Qf5 Kg8 33. Qe6+ Kh8 34. Rc3 Qg5 35. R1c2 Qh4 36. Rc1 Rh7 37. h3 Ng7 38. Qg4 Qh6 39. Rxc7 Qe3+ 40. Kh1 Rg8 41. Rc8 Ne8 42. Qf5 Qe2 43. R1c2 Qxb5 44. Qe6 Rhg7 45. Qh6+ Rh7 46. Qc1 Rhg7 47. f4 exf4 48. Qxf4 Qd7 49. e5 dxe5 50. Qxe5 Kh7 51. Qh5# 1-0

[Event "Dortmund ABC Serie B-22"]
[Site "Dortmund"]
[Date "2004.10.08"]
[Round "1"]
[White "Raszelenberg, Patrick"]
[Black "Ezzat, Tarik"]
[Result "0-1"]
[WhiteElo "1669"]
[BlackElo "1647"]
[PlyCount "94"]
[EventDate "2004.10.07"]
[EventType "tourn"]
[EventRounds "13"]
[EventCountry "GER"]
[SourceTitle "EXT 2006"]
[Source "ChessBase"]
[SourceDate "2005.11.24"]
[SourceVersion "1"]
[SourceVersionDate "2005.11.24"]
[SourceQuality "1"]

1. e4 e5 2. Nf3 d6 3. d4 exd4 4. Nxd4 Nf6 5. Nc3 a6 6. Bc4 Be7 7. f3 0-0 8. Be3 Nbd7 9. Nf5 Ne5 10. Nxe7+ Qxe7 11. Bb3 c6 12. g4 Be6 13. g5 Nfd7 14. f4 Nc4 15. Bxc4 Bxc4 16. Qd4 b5 17. b3 c5 18. Qd2 b4 19. bxc4 bxc3 20. Qd3 Nb6 21. Kf2 Rfe8 22. Kf3 Qe6 23. f5 Qxc4 24. h4 Rad8 25. Bf4 d5 26. e5 d4 27. h5 Qd5+ 28. Qe4 Nc4 29. e6 fxe6 30. f6 e5 31. f7+ Kxf7 32. g6+ hxg6 33. hxg6+ Kf6 34. Qxd5 Rxd5 35. Ke4 Rd7 36. Bg3 Nd2+ 37. Kd3 e4+ 38. Ke2 e3 39. Rh5 c4 40. Be1 d3+ 41. Kd1 e2+ 42. Kc1 Ne4 43. Bxc3+ Nxc3 44. Kd2 Ne4+ 45. Ke1 Ng3 46. Ra5 d2+ 47. Kf2 e1Q+ 0-1

[Event "Dortmund ABC Serie B-21"]
[Site "Dortmund"]
[Date "2004.05.08"]
[Round "4"]
[White "Becker, Peter"]
[Black "Ezzat, Tarik"]
[Result "1-0"]
[WhiteElo "1798"]
[BlackElo "1607"]
[PlyCount "57"]
[EventDate "2004.04.??"]
[EventType "tourn"]
[EventRounds "12"]
[EventCountry "GER"]
[SourceTitle "EXT 2006"]
[Source "ChessBase"]
[SourceDate "2005.11.24"]
[SourceVersion "1"]
[SourceVersionDate "2005.11.24"]
[SourceQuality "1"]

1. e4 e5 2. Nf3 Nc6 3. Bb5 Nf6 4. 0-0 Bc5 5. Bxc6 bxc6 6. Nxe5 0-0 7. d3 h6 8. h3 a5 9. Bf4 Re8 10. Nf3 d6 11. Nbd2 Ba6 12. Re1 Nh5 13. Be3 Bb6 14. Bxb6 cxb6 15. Nd4 Qg5 16. Re3 c5 17. Nf5 d5 18. h4 Qg6 19. Qf3 d4 20. Re2 Nf6 21. e5 Ng4 22. Ne7+ Rxe7 23. Qxa8+ Kh7 24. Qxa6 Nxe5 25. Rae1 Qf6 26. Qa8 Ng4 27. Qf3 Rxe2 28. Rxe2 Qxh4 29. Qf5+ 1-0

[Event "Dortmund Kleiner Koenig VM-A"]
[Site "Dortmund"]
[Date "2004.04.13"]
[Round "10"]
[White "Ezzat, Tarik"]
[Black "Heimlich, Oliver"]
[Result "0-1"]
[WhiteElo "1606"]
[BlackElo "1763"]
[PlyCount "102"]
[EventDate "2004.01.27"]
[EventType "tourn"]
[EventRounds "13"]
[EventCountry "GER"]
[SourceTitle "EXT 2006"]
[Source "ChessBase"]
[SourceDate "2005.11.24"]
[SourceVersion "1"]
[SourceVersionDate "2005.11.24"]
[SourceQuality "1"]

1. Nc3 d6 2. e4 g6 3. f4 Bg7 4. Nf3 Nf6 5. Bc4 0-0 6. 0-0 Nc6 7. d4 a6 8. a3 Rb8 9. Bd3 b5 10. Ne2 b4 11. d5 bxa3 12. dxc6 axb2 13. Bxb2 Rxb2 14. Ng3 Rb6 15. e5 dxe5 16. Nxe5 Qd4+ 17. Kh1 Ng4 18. Nxg4 Qxa1 19. Nh6+ Kh8 20. Qxa1 Bxa1 21. Rxa1 Kg7 22. Nxf7 Rxf7 23. Ne2 Rxc6 24. g3 Bb7 25. Kg1 Rd6 26. Ra5 Rff6 27. Nc3 Rfe6 28. f5 Re1+ 29. Kf2 Rh1 30. h4 Rf6 31. Nd5 Bxd5 32. Rxd5 e6 33. Rd7+ Rf7 34. Rxf7+ Kxf7 35. fxg6+ hxg6 36. Bxa6 Rh2+ 37. Ke3 Rxc2 38. Bd3 Rc3 39. Kd4 Ra3 40. g4 Ra4+ 41. Bc4 Kf6 42. Kc5 Rxc4+ 43. Kxc4 Ke5 44. Kc5 Kf4 45. h5 gxh5 46. gxh5 Kg5 47. h6 Kxh6 48. Kc6 Kg6 49. Kxc7 e5 50. Kc6 e4 51. Kd5 e3 0-1

[Event "Dortmund Kleiner Koenig VM-A"]
[Site "Dortmund"]
[Date "2004.03.23"]
[Round "7"]
[White "Ezzat, Tarik"]
[Black "Voeller, Lothar"]
[Result "1-0"]
[WhiteElo "1606"]
[BlackElo "1612"]
[PlyCount "64"]
[EventDate "2004.01.27"]
[EventType "tourn"]
[EventRounds "13"]
[EventCountry "GER"]
[SourceTitle "EXT 2006"]
[Source "ChessBase"]
[SourceDate "2005.11.24"]
[SourceVersion "1"]
[SourceVersionDate "2005.11.24"]
[SourceQuality "1"]

1. Nc3 e5 2. Nf3 Nc6 3. e4 Nf6 4. Bb5 d6 5. 0-0 Be7 6. d4 0-0 7. d5 Nb8 8. Bd3 Bg4 9. h3 Bh5 10. Be2 h6 11. Nh2 Bg6 12. f3 Nh5 13. f4 Ng3 14. Rf3 Nxe4 15. Nxe4 Bxe4 16. Rg3 f5 17. fxe5 dxe5 18. Bxh6 Bf6 19. Bc4 Qd6 20. Bb3 f4 21. Rg4 Bf5 22. Kh1 Bxg4 23. Qxg4 Kh7 24. Bg5 Bxg5 25. Qxg5 Nd7 26. Ng4 Rfe8 27. Qh4+ Kg8 28. a3 Nf6 29. c4 b6 30. Bc2 e4 31. Nf2 f3 32. gxf3 exf3 1-0

[Event "Dortmund-ch"]
[Site "Dortmund"]
[Date "2004.03.11"]
[Round "6"]
[White "Ezzat, Tarik"]
[Black "Barskij, Alexander"]
[Result "0-1"]
[WhiteElo "1606"]
[BlackElo "1828"]
[PlyCount "82"]
[EventDate "2004.03.01"]
[EventType "swiss"]
[EventRounds "9"]
[EventCountry "GER"]
[SourceTitle "EXT 2006"]
[Source "ChessBase"]
[SourceDate "2005.11.24"]
[SourceVersion "1"]
[SourceVersionDate "2005.11.24"]
[SourceQuality "1"]

1. Nc3 c5 2. e4 Nc6 3. Nf3 d6 4. h3 g6 5. Bc4 Bg7 6. d3 Nd4 7. Nxd4 cxd4 8. Ne2 e6 9. 0-0 Ne7 10. Ng3 0-0 11. f4 d5 12. exd5 Nxd5 13. Qf3 Ne3 14. Bxe3 dxe3 15. c3 Qb6 16. Qe2 Bd7 17. d4 Rfc8 18. Rf3 Rxc4 19. Qxc4 Qxb2 20. Re1 Rc8 21. Qb3 Qxc3 22. Qxc3 Rxc3 23. Ne2 Rd3 24. Kf1 Bc6 25. Nc1 Rxd4 26. Rfxe3 Rxf4+ 27. Ke2 Bd4 28. Rb3 Rf2+ 29. Kd3 Bb6 30. Re2 Rf1 31. Rbb2 Rxc1 32. g4 Rg1 33. Red2 Rg3+ 34. Kc4 Rxh3 35. g5 Rg3 36. Rh2 Rg4+ 37. Kd3 Rxg5 38. Rh6 Rg2 39. Rb4 Rg3+ 40. Kc2 Be3 41. Rhh4 h5 0-1

[Event "Dortmund-ch"]
[Site "Dortmund"]
[Date "2004.03.05"]
[Round "3"]
[White "Ezzat, Tarik"]
[Black "Zimmermann, Dirk"]
[Result "1/2-1/2"]
[WhiteElo "1606"]
[BlackElo "2025"]
[PlyCount "183"]
[EventDate "2004.03.01"]
[EventType "swiss"]
[EventRounds "9"]
[EventCountry "GER"]
[SourceTitle "EXT 2006"]
[Source "ChessBase"]
[SourceDate "2005.11.24"]
[SourceVersion "1"]
[SourceVersionDate "2005.11.24"]
[SourceQuality "1"]

1. Nc3 d5 2. e4 dxe4 3. Nxe4 Bf5 4. Ng3 Bg6 5. Nf3 Nd7 6. Bc4 e6 7. 0-0 Be7 8. c3 c6 9. d4 Ngf6 10. Re1 0-0 11. Nh4 Nd5 12. Nxg6 hxg6 13. Qe2 Qc7 14. Ne4 b5 15. Bd3 Nf4 16. Bxf4 Qxf4 17. Ng3 Nf6 18. Ne4 Nd5 19. g3 Qh6 20. Nd2 a6 21. Nf3 Qh5 22. a3 Bd6 23. Ne5 Qxe2 24. Rxe2 Bxe5 25. Rxe5 Rac8 26. Rc1 c5 27. dxc5 Rxc5 28. c4 bxc4 29. Rxc4 Rb5 30. Rc2 Rb6 31. b4 Rd8 32. Be2 Kf8 33. Rc5 Ke7 34. Bf3 f6 35. Re1 Rbd6 36. Rd1 R8d7 37. Rdc1 f5 38. Rc6 Ra7 39. Be2 Kd7 40. b5 Rxc6 41. Rxc6 axb5 42. Bxb5 Nc7 43. Rb6+ Nxb5 44. Rxb5 g5 45. g4 g6 46. Rb8 Rxa3 47. Rg8 Ra4 48. gxf5 Rg4+ 49. Kf1 gxf5 50. f3 Rh4 51. Kg2 Rh5 52. h3 Kd6 53. Kg3 Ke5 54. Rg6 f4+ 55. Kg2 Kf5 56. Rg8 Rh6 57. Rf8+ Rf6 58. Ra8 Rf7 59. Ra5+ Kf6 60. Ra2 Rd7 61. Kf2 Rd3 62. Kg2 Re3 63. Ra5 Re2+ 64. Kg1 Rd2 65. Ra8 Rd5 66. Kg2 Ke5 67. Ra4 Rc5 68. Re4+ Kf5 69. Ra4 e5 70. Ra8 Rc2+ 71. Kg1 e4 72. Rf8+ Kg6 73. fxe4 Re2 74. Re8 Kf6 75. Rf8+ Ke5 76. Rf5+ Kxe4 77. Rxg5 Kf3 78. h4 Re6 79. h5 Rh6 80. Kf1 Ra6 81. Kg1 Rh6 82. Kh2 Rh8 83. Kh3 Rh6 84. Kh4 Ke4 85. Kg4 Rf6 86. Rg6 Rf8 87. Re6+ Kd5 88. Re1 f3 89. Kg3 f2 90. Rf1 Rf5 91. Kg4 Ke5 92. h6 1/2-1/2

[Event "Dortmund Kleiner Koenig VM-A"]
[Site "Dortmund"]
[Date "2004.03.02"]
[Round "5"]
[White "Ezzat, Tarik"]
[Black "Vlatten, Andre"]
[Result "0-1"]
[WhiteElo "1606"]
[BlackElo "1917"]
[PlyCount "33"]
[EventDate "2004.01.27"]
[EventType "tourn"]
[EventRounds "13"]
[EventCountry "GER"]
[SourceTitle "EXT 2006"]
[Source "ChessBase"]
[SourceDate "2005.11.24"]
[SourceVersion "1"]
[SourceVersionDate "2005.11.24"]
[SourceQuality "1"]

1. Nc3 e5 2. Nf3 Nc6 3. e4 Nf6 4. d4 exd4 5. Nxd4 Bb4 6. Nf5 0-0 7. Bg5 Re8 8. Bd3 d5 9. 0-0 Bxc3 10. bxc3 dxe4 11. Re1 Bxf5 12. Bb5 Qxd1 13. Raxd1 Rad8 14. Rxd8 Rxd8 15. Bxf6 gxf6 16. h3 Ne5 17. g4 0-1

[Event "Dortmund-ch"]
[Site "Dortmund"]
[Date "2004.03.01"]
[Round "1"]
[White "Naundorf, Maik"]
[Black "Ezzat, Tarik"]
[Result "1-0"]
[WhiteElo "2015"]
[BlackElo "1606"]
[PlyCount "201"]
[EventDate "2004.03.01"]
[EventType "swiss"]
[EventRounds "9"]
[EventCountry "GER"]
[SourceTitle "EXT 2006"]
[Source "ChessBase"]
[SourceDate "2005.11.24"]
[SourceVersion "1"]
[SourceVersionDate "2005.11.24"]
[SourceQuality "1"]

1. Nf3 Nf6 2. c4 g6 3. g3 Bg7 4. Bg2 c5 5. d4 cxd4 6. Nxd4 0-0 7. Nc3 a6 8. 0-0 e5 9. Nc2 d6 10. b3 Qc7 11. Qd2 Be6 12. Rd1 Rd8 13. Ba3 Bf8 14. Rac1 Nc6 15. Ne3 Qa5 16. Bb2 Bh6 17. Bxc6 bxc6 18. Ncd5 Qxd2 19. Nxf6+ Kg7 20. Rxd2 Kxf6 21. Rd3 Ke7 22. Ba3 c5 23. Rcd1 Bxe3 24. Rxe3 f5 25. f3 a5 26. Rc3 g5 27. Bc1 f4 28. Ba3 Rg8 29. g4 Rad8 30. Kf2 h5 31. h3 h4 32. Ke1 Bf7 33. Kd2 Kd7 34. Rcc1 Kc6 35. Kc3 Rd7 36. Rd2 Rgd8 37. Rcd1 Be6 38. Bb2 Bg8 39. Kc2 Be6 40. Bc3 Kb6 41. Kb2 Ka6 42. Ka3 Kb6 43. Ka4 Kc6 44. Rd3 Ra8 45. R1d2 Raa7 46. e3 fxe3 47. Rxe3 Ra8 48. Rdd3 Rf7 49. Bd2 Bd7 50. Re2 Rg7 51. Ka3 Kc7 52. Bc3 Re7 53. Kb2 Rf7 54. Bd2 Rg7 55. a3 Be6 56. Bc3 Rd7 57. Bd2 Rg7 58. Re4 Rg6 59. b4 cxb4 60. axb4 axb4 61. Bxb4 Ra6 62. Kc3 Rc6 63. Kb3 Bg8 64. Ba5+ Kb7 65. Kb4 Kc8 66. Rc3 Kd7 67. Ree3 Ke6 68. Kb5 Rc5+ 69. Kb4 Rg7 70. Ra3 Rb7+ 71. Kc3 Kd7 72. Re4 Ke6 73. Bb4 Rc6 74. Ra5 Kf6 75. Bxd6 Rxd6 76. Rexe5 Rc6 77. Rf5+ Ke7 78. Rae5+ Be6 79. c5 Rb3+ 80. Kc2 Ra3 81. Kb2 Rb3+ 82. Kc2 Ra3 83. Kb2 Ra2+ 84. Kc3 Rf2 85. Re3 Ra6 86. Kd4 Ra4+ 87. Ke5 Bxf5 88. Kxf5+ Kd7 89. Kxg5 Ra5 90. Kxh4 Rxc5 91. Kg3 Rcc2 92. h4 Rg2+ 93. Kf4 Rc4+ 94. Kg5 Rc5+ 95. Kf4 Rh2 96. h5 Rh4 97. Kg3 Rhxh5 98. gxh5 Rxh5 99. Kg4 Rh8 100. f4 Re8 101. Ra3 1-0

[Event "Dortmund Kleiner Koenig VM-A"]
[Site "Dortmund"]
[Date "2004.01.27"]
[Round "1"]
[White "Ezzat, Tarik"]
[Black "Tezmen, Naim Onur"]
[Result "1-0"]
[WhiteElo "1606"]
[BlackElo "1631"]
[PlyCount "135"]
[EventDate "2004.01.27"]
[EventType "tourn"]
[EventRounds "13"]
[EventCountry "GER"]
[SourceTitle "EXT 2006"]
[Source "ChessBase"]
[SourceDate "2005.11.24"]
[SourceVersion "1"]
[SourceVersionDate "2005.11.24"]
[SourceQuality "1"]

1. Nc3 Nf6 2. e4 e5 3. Bc4 Bc5 4. Nf3 d6 5. 0-0 Bg4 6. Be2 Nc6 7. d3 h6 8. Na4 Bb6 9. Nxb6 axb6 10. h3 Be6 11. a3 Qd7 12. Nh2 g5 13. c3 Ne7 14. Bh5 Nxh5 15. Qxh5 0-0-0 16. Qe2 f5 17. a4 Rhg8 18. a5 g4 19. axb6 cxb6 20. hxg4 fxg4 21. Be3 Qc6 22. Ra8+ Kd7 23. Rxd8+ Kxd8 24. Bxh6 Qe8 25. Qe3 Nc8 26. Bg5+ Kd7 27. Bh4 Qh5 28. Bg3 Ke7 29. d4 Bc4 30. Ra1 Ba6 31. dxe5 dxe5 32. Qd2 Rd8 33. Qe1 Nd6 34. Rd1 Bc4 35. f3 Rh8 36. Nxg4 Nxe4 37. Qxe4 Qh1+ 38. Kf2 Qxd1 39. Qxc4 Qd2+ 40. Qe2 Qxe2+ 41. Kxe2 e4 42. fxe4 Rg8 43. Kf3 Ra8 44. Be5 b5 45. b4 Ke6 46. Bd4 Ra1 47. Nf2 Ra8 48. g4 Ra1 49. g5 Rg1 50. Bf6 Rf1 51. Ke2 Rg1 52. Nd3 b6 53. e5 Kf5 54. Ke3 Rg3+ 55. Kd2 Rg2+ 56. Kc1 Rg3 57. Kc2 Rg2+ 58. Kb3 Re2 59. g6 Rg2 60. g7 Rg3 61. Nf2 Ke6 62. Ne4 Rg6 63. Ng5+ Kd7 64. c4 bxc4+ 65. Kxc4 Kc6 66. b5+ Kd7 67. Kd5 Kc7 68. Ke6 1-0